000 01407nam a2200325 a 4500
001 ebr10718840
003 CaPaEBR
006 m o u
007 cr cn|||||||||
008 150303s2013 njua sb 000 0 eng d
020 _z9781118092088
020 _z9781118634455 (e-book)
040 _aCaPaEBR
_cCaPaEBR
035 _a(OCoLC)847526821
050 1 4 _aQC176.8.P55
_b.A32 2013eb
082 0 4 _a530.4/4
_223
245 0 0 _aActive plasmonics and tuneable plasmonic materials
_h[electronic resource] /
_cedited by Anatoly V. Zayats, Stefan Maier.
260 _aHoboken, N.J. :
_bWiley ; Science Wise Publishing,
_cc2013.
300 _a1 online resource (xviii, 316 p.) :
_bill. (some col.), graphs.
504 _aIncludes bibliographical references at the end of each chapters.
533 _aElectronic reproduction.
_bPalo Alto, Calif. :
_cebrary,
_d2015.
_nAvailable via World Wide Web.
_nAccess may be limited to ebrary affiliated libraries.
588 _aDescription based on online resource; title from title page (ebrary, viewed June 17, 2013).
650 0 _aPlasmons (Physics)
650 0 _aMetamaterials.
655 7 _aElectronic books.
_2local
700 1 _aZayats, A. V.
_q(Anatoly V.)
700 1 _aMaier, Stefan A.
710 2 _aebrary, Inc.
856 4 0 _uhttp://site.ebrary.com/lib/rucke/Doc?id=10718840
_zAn electronic book accessible through the World Wide Web; click to view
999 _c28056
_d28056